[Event "Bois Colombes op 2nd"]
[Site "Bois Colombes"]
[Date "2005.12.26"]
[Round "6"]
[White "Cauzard, Vincent"]
[Black "Wunderman, Xavier"]
[Result "0-1"]
[WhiteElo "1942"]
[BlackElo "2013"]
[PlyCount "74"]
[EventDate "2005.12.21"]
[EventType "swiss"]
[EventRounds "6"]
[EventCountry "FRA"]
[SourceTitle "EXT 2007"]
[Source "ChessBase"]
[SourceDate "2006.11.23"]
[SourceVersion "1"]
[SourceVersionDate "2006.11.23"]
[SourceQuality "1"]

1. e4 Nf6 2. e5 Nd5 3. d4 d6 4. c4 Nb6 5. f4 dxe5 6. fxe5 Nc6 7. Be3 Bf5 8. Nc3 e6 9. Nf3 Nb4 10. Rc1 c5 11. a3 cxd4 12. Nxd4 Nc6 13. Nxc6 bxc6 14. Qf3 Rc8 15. Be2 Be7 16. 0-0 0-0 17. Rcd1 Qc7 18. Qg3 Rfd8 19. h4 Nd7 20. h5 Qxe5 21. Qf3 Bc5 22. Bxc5 Qxc5+ 23. Kh1 Nf6 24. b4 Qe5 25. Rc1 Bg4 26. Qf2 Qxh5+ 27. Kg1 Bxe2 28. Nxe2 Rd2 29. Rfe1 Rcd8 30. Qe3 R8d3 31. Qxa7 Ng4 32. Kf1 Qh2 33. Ng1 Qf4+ 34. Nf3 Nh2+ 35. Kg1 Nxf3+ 36. gxf3 Qg3+ 37. Kh1 Rh2# 0-1